000 00935nam a2200289 i 4500
003 EG-GICUC
005 20260501214113.0
008 260501s1936 fr |||fr|||| 00| 0 fre d
040 _aEG-GiCUC
_bfre
_cEG-GiCUC
_dEG-GiCUC
_eRda
082 0 4 _221
_a343.433
_bLE . V
092 0 4 _221
099 _aLaw1 10 343.433 LE . V 1936
100 1 _aLepoint, Ralph
_eAuteur
245 1 0 _aLe Vagabondage Des Mineurs /
_cRalph Lepoint.
264 1 _aParis :
_bLibrairie Du Recueil Sirey,
_c1936.
264 3 _bMaurice Lavergne
300 _a151 page;
_c 24 cm.
336 _2rda contenu
_a texte
337 _2rda medias
_aOrdinateur
338 _2 transporteur rda
_a Ressource en ligne
650 1 _aLégislation Relative AU Sans-abrisme Et À La Mendicité
_2qrmak
650 1 _aDroit De Pénal
_2qrmak
651 1 _2qrmak
856 4 0 _uhttps://fll.law.cu.edu.eg/fulltext/bks/B10-11280.pdf
905 _a54
942 _2ddc
_cBK
_e21
_n0
999 _c74685
_d74685